Effective management of resources and materials / (Record no. 18187)
[ view plain ]
| 000 -LEADER | |
|---|---|
| fixed length control field | 00536nam a22001937a 4500 |
| 003 - CONTROL NUMBER IDENTIFIER | |
| control field | OSt |
| 005 - DATE AND TIME OF LATEST TRANSACTION | |
| control field | 20260122104033.0 |
| 008 - FIXED-LENGTH DATA ELEMENTS--GENERAL INFORMATION | |
| fixed length control field | 130211t xxu||||| |||| 00| 0 eng d |
| 020 ## - INTERNATIONAL STANDARD BOOK NUMBER | |
| International Standard Book Number | 9718967850 |
| 050 ## - LIBRARY OF CONGRESS CALL NUMBER | |
| Classification number | T 57.77 |
| Item number | .An25 1998 |
| 100 ## - MAIN ENTRY--PERSONAL NAME | |
| Personal name | Andres, Tomas Q. D. |
| 245 ## - TITLE STATEMENT | |
| Title | Effective management of resources and materials / |
| Statement of responsibility, etc | Tomas Q.D. Andres |
| 260 ## - PUBLICATION, DISTRIBUTION, ETC. (IMPRINT) | |
| Place of publication, distribution, etc | Quezon City : |
| Date of publication, distribution, etc | 1998 |
| Name of publisher, distributor, etc | Giraffe Book |
| 300 ## - PHYSICAL DESCRIPTION | |
| Extent | 164 p. : |
| Dimensions | 22 cm. |
| Other physical details | ill. ; |
| 562 ## - COPY AND VERSION IDENTIFICATION NOTE | |
| Number of copies | 1 |
| 650 ## - SUBJECT ADDED ENTRY--TOPICAL TERM | |
| Topical term or geographic name as entry element | Industrial management |
| 942 ## - ADDED ENTRY ELEMENTS (KOHA) | |
| Source of classification or shelving scheme | Library of Congress Classification |
| Koha item type | Books |
| Call number prefix | Local |
| Withdrawn status | Lost status | Source of classification or shelving scheme | Damaged status | Home library | Current library | Shelving location | Date acquired | Total Checkouts | Full call number | Barcode | Date last seen | Copy number | Price effective from | Koha item type |
|---|---|---|---|---|---|---|---|---|---|---|---|---|---|---|
| Library of Congress Classification | College Library | College Library | General Circulation Section | 02/11/2013 | T 57.77 .An25 1998 | C0490 | 05/15/2018 | 1 | 02/11/2013 | Books |